MARC

LEADER 00000nam0a2200000 4500
001 364362
005 20231102011700.0
035 |a (RuTPU)RU\TPU\retro\21720 
090 |a 364362 
100 |a 20211112d1981 km y0rusy50 ca 
101 0 |a rus 
102 |a RU 
105 |a a z 001zy 
200 1 |a Оптимальное развитие систем газоснабжения  |f М. Г. Сухарев, Е. Р. Ставровский, В. Е. Брянских 
210 |a Москва  |c Недра  |d 1981 
215 |a 295 с.  |c ил. 
320 |a Библиогр.: с. 290-292 
606 1 |a Газоснабжение  |x Технико-экономические показатели  |2 stltpush  |3 (RuTPU)RU\TPU\subj\5219  |9 33349 
610 1 |a газотранспортные системы 
610 1 |a технологические процессы 
610 1 |a газопотребление 
610 1 |a прогнозирование 
610 1 |a сетевые модели 
610 1 |a распределение 
610 1 |a газотранспортные системы 
675 |a 696.2  |v 4 
700 1 |a Сухарев  |b М. Г.  |g Михаил Григорьевич 
701 1 |a Ставровский  |b Е. Р.  |g Евгений Романович 
701 1 |a Брянских  |b В. Е.  |g Виктор Евгеньевич 
801 1 |a RU  |b 63413507  |c 20211112 
942 |c BK